|
|
|
|
| LEADER |
00945nam a2200217 i 4500 |
| 001 |
acta82170 |
| 005 |
20230922213044.0 |
| 008 |
230922s2023 hu o 0|| hun d |
| 020 |
|
|
|a 978-615-6060-70-9
|
| 040 |
|
|
|a SZTE Egyetemi Kiadványok Repozitórium
|b hun
|
| 041 |
|
|
|a hun
|
| 100 |
1 |
|
|a Monostori Judit
|
| 245 |
1 |
0 |
|a Családszerkezet, együttélési formák
|h [elektronikus dokumentum] :
|b válogatott tanulmányok /
|c Monostori Judit
|
| 260 |
|
|
|a Belvedere Meridionale
|b Szeged
|c 2023
|
| 300 |
|
|
|a 286
|
| 561 |
|
|
|a Belvedere Meridionale kötetek
|
| 650 |
|
4 |
|a Társadalomtudományok
|
| 650 |
|
4 |
|a Szociológia
|
| 695 |
|
|
|a Családkutatás - tanulmányok, Családszociológia - tanulmányok, Demográfia - tanulmányok, Házasságkötés - tanulmányok, Családpolitika - Magyarország - tanulmányok
|
| 700 |
0 |
1 |
|a Harcsa István
|e aut
|
| 856 |
4 |
0 |
|u http://acta.bibl.u-szeged.hu/82170/1/2023_csaladszerkezet_egyuttelesi_formak.pdf
|z Dokumentum-elérés
|